Statistics for Project 863 (characters)

Click here to take the quiz!

General Stats

  • This quiz has been taken 3 times
  • The average score is 13 of 15

Answer Stats

HintAnswer% Correct
Aboves code nameB27
100%
Subject 4Bailey
100%
Scientist that is under serum for most of seriesBenjamin Cobalt
100%
Apple iiD3b
100%
Head scientist of SyntechDeborah
100%
Undercover copJohn Doe
100%
Subject 1Matthias
100%
Syntech co-founder
(main bad guy)
Nelson Syphus
100%
Subject 2Sam
100%
Syntech co-founderWesley Nathaniel
100%
Subject 3Woods
100%
Assistant to the person abboveAutumn Hill
67%
Owner of the “new” mountaineerScott Clarick
67%
Subject 5Viewers
67%
Car they find after finding the keysRed Mercury Mountaineer
33%

Score Distribution

Percentile by Number Answered

Percent of People with Each Score

Your Score History

You have not taken this quiz